<?xml version="1.0" encoding="UTF-8"?>
<record
    xmlns:xsi="http://www.w3.org/2001/XMLSchema-instance"
    xsi:schemaLocation="http://www.loc.gov/MARC21/slim http://www.loc.gov/standards/marcxml/schema/MARC21slim.xsd"
    xmlns="http://www.loc.gov/MARC21/slim">

  <leader>01334    a2200289   4500</leader>
  <controlfield tag="003">NALT</controlfield>
  <controlfield tag="005">20250612143647.0</controlfield>
  <controlfield tag="008">220426b        th ||||| |||| 00| 0 tha d</controlfield>
  <datafield tag="020" ind1=" " ind2=" ">
    <subfield code="a">9786168221839</subfield>
  </datafield>
  <datafield tag="040" ind1=" " ind2=" ">
    <subfield code="a">NALT</subfield>
  </datafield>
  <datafield tag="041" ind1="1" ind2=" ">
    <subfield code="a">tha</subfield>
    <subfield code="h">eng</subfield>
  </datafield>
  <datafield tag="050" ind1=" " ind2=" ">
    <subfield code="a">HG 173</subfield>
    <subfield code="b">&#xE14;859&#xE01; 2564</subfield>
  </datafield>
  <datafield tag="100" ind1="1" ind2=" ">
    <subfield code="a">&#xE40;&#xE14;&#xE44;&#xE0B;, &#xE21;&#xE34;&#xE2E;&#xE34;&#xE23;&#xE4C; &#xE40;&#xE2D;.</subfield>
    <subfield code="9">57805</subfield>
  </datafield>
  <datafield tag="245" ind1="1" ind2="0">
    <subfield code="a">&#xE01;&#xE32;&#xE23;&#xE40;&#xE07;&#xE34;&#xE19; 101 &#xE09;&#xE1A;&#xE31;&#xE1A; Harvard  Business Review /</subfield>
    <subfield code="c">Mihir A. Desai ; &#xE28;&#xE01;&#xE38;&#xE19;&#xE1E;&#xE31;&#xE12;&#xE19;&#xE4C; &#xE08;&#xE34;&#xE23;&#xE27;&#xE38;&#xE12;&#xE34;&#xE15;&#xE32;&#xE19;&#xE31;&#xE19;&#xE17;&#xE4C;, &#xE1C;&#xE39;&#xE49;&#xE41;&#xE1B;&#xE25;.</subfield>
  </datafield>
  <datafield tag="246" ind1="1" ind2="8">
    <subfield code="a">How finance works </subfield>
  </datafield>
  <datafield tag="246" ind1="3" ind2="1">
    <subfield code="a">How finance works : </subfield>
    <subfield code="b">the HBR guide to thinking smart about the numbers.</subfield>
  </datafield>
  <datafield tag="250" ind1=" " ind2=" ">
    <subfield code="a">&#xE1E;&#xE34;&#xE21;&#xE1E;&#xE4C;&#xE04;&#xE23;&#xE31;&#xE49;&#xE07;&#xE41;&#xE23;&#xE01;</subfield>
  </datafield>
  <datafield tag="260" ind1=" " ind2=" ">
    <subfield code="a">&#xE01;&#xE23;&#xE38;&#xE07;&#xE40;&#xE17;&#xE1E;&#xE2F; :</subfield>
    <subfield code="b">&#xE1A;&#xE38;&#xE4A;&#xE04;&#xE2A;&#xE40;&#xE04;&#xE1B;,</subfield>
    <subfield code="c">2564.</subfield>
  </datafield>
  <datafield tag="300" ind1=" " ind2=" ">
    <subfield code="a">265 :</subfield>
    <subfield code="b">&#xE20;&#xE32;&#xE1E;&#xE1B;&#xE23;&#xE30;&#xE01;&#xE2D;&#xE1A;, &#xE15;&#xE32;&#xE23;&#xE32;&#xE07; ;</subfield>
    <subfield code="c">21 &#xE0B;&#xE21;.</subfield>
  </datafield>
  <datafield tag="650" ind1=" " ind2="4">
    <subfield code="9">12028</subfield>
    <subfield code="a">&#xE01;&#xE32;&#xE23;&#xE40;&#xE07;&#xE34;&#xE19;</subfield>
  </datafield>
  <datafield tag="650" ind1=" " ind2="4">
    <subfield code="9">57808</subfield>
    <subfield code="a">&#xE2D;&#xE07;&#xE04;&#xE4C;&#xE01;&#xE23;&#xE18;&#xE38;&#xE23;&#xE01;&#xE34;&#xE08; </subfield>
    <subfield code="x">&#xE01;&#xE32;&#xE23;&#xE40;&#xE07;&#xE34;&#xE19;</subfield>
  </datafield>
  <datafield tag="700" ind1="1" ind2=" ">
    <subfield code="9">57806</subfield>
    <subfield code="a">Desai, Mihir A.</subfield>
  </datafield>
  <datafield tag="700" ind1="0" ind2=" ">
    <subfield code="9">57807</subfield>
    <subfield code="a">&#xE28;&#xE01;&#xE38;&#xE19;&#xE1E;&#xE31;&#xE12;&#xE19;&#xE4C; &#xE08;&#xE34;&#xE23;&#xE27;&#xE38;&#xE12;&#xE34;&#xE15;&#xE32;&#xE19;&#xE31;&#xE19;&#xE17;&#xE4C;</subfield>
  </datafield>
  <datafield tag="850" ind1=" " ind2=" ">
    <subfield code="a">NALT</subfield>
  </datafield>
  <datafield tag="942" ind1=" " ind2=" ">
    <subfield code="2">lcc</subfield>
    <subfield code="c">GB</subfield>
  </datafield>
  <datafield tag="998" ind1=" " ind2=" ">
    <subfield code="a">phon</subfield>
    <subfield code="b">phon</subfield>
    <subfield code="c">phon</subfield>
    <subfield code="j">8</subfield>
    <subfield code="k"> &#xE19;&#xE32;&#xE22;&#xE1A;&#xE31;&#xE13;&#xE11;&#xE34;&#xE15;  &#xE2D;&#xE38;&#xE17;&#xE32;&#xE27;&#xE07;&#xE04;&#xE4C;</subfield>
  </datafield>
  <datafield tag="999" ind1=" " ind2=" ">
    <subfield code="c">99978</subfield>
    <subfield code="d">99978</subfield>
  </datafield>
  <datafield tag="952" ind1=" " ind2=" ">
    <subfield code="0">0</subfield>
    <subfield code="1">0</subfield>
    <subfield code="2">lcc</subfield>
    <subfield code="4">0</subfield>
    <subfield code="7">0</subfield>
    <subfield code="8">CGBL</subfield>
    <subfield code="a">NALT</subfield>
    <subfield code="b">NALT</subfield>
    <subfield code="c">GEN</subfield>
    <subfield code="d">2022-04-21</subfield>
    <subfield code="e">1</subfield>
    <subfield code="l">1</subfield>
    <subfield code="m">1</subfield>
    <subfield code="o">HG 173 &#xE14;859&#xE01; 2564</subfield>
    <subfield code="p">3961212693</subfield>
    <subfield code="r">2025-06-12 00:00:00</subfield>
    <subfield code="s">2025-05-29</subfield>
    <subfield code="t">&#xE09;.1</subfield>
    <subfield code="w">2022-04-21</subfield>
    <subfield code="y">GB</subfield>
  </datafield>
  <datafield tag="952" ind1=" " ind2=" ">
    <subfield code="0">0</subfield>
    <subfield code="1">0</subfield>
    <subfield code="2">lcc</subfield>
    <subfield code="4">0</subfield>
    <subfield code="7">0</subfield>
    <subfield code="8">CGBL</subfield>
    <subfield code="a">NALT</subfield>
    <subfield code="b">NALT</subfield>
    <subfield code="c">GEN</subfield>
    <subfield code="d">2022-04-21</subfield>
    <subfield code="e">1</subfield>
    <subfield code="l">2</subfield>
    <subfield code="m">2</subfield>
    <subfield code="o">HG 173 &#xE14;859&#xE01; 2564</subfield>
    <subfield code="p">3961212694</subfield>
    <subfield code="r">2025-06-26 00:00:00</subfield>
    <subfield code="s">2025-06-12</subfield>
    <subfield code="t">&#xE09;.2</subfield>
    <subfield code="w">2022-04-21</subfield>
    <subfield code="y">GB</subfield>
  </datafield>
</record>
